Hóa học bảo vệ thực vật/
.
Đã lưu trong:
| Tác giả chính: | |
|---|---|
| Định dạng: | Sách |
| Năm xuất bản: |
H.:
Nông nghiệp,
1997
|
| Chủ đề: | |
| Tags: |
Thêm thẻ
Không có thẻ, Hãy là người đầu tiên gắn thẻ bản ghi này!
|
| LEADER | 03264nam a2200325 4500 | ||
|---|---|---|---|
| 082 | |a 632.9 |b H 401 h | ||
| 100 | |a . | ||
| 245 | |a Hóa học bảo vệ thực vật/ |c Nguyễn Trần Oánh | ||
| 260 | |a H.: |b Nông nghiệp, |c 1997 | ||
| 300 | |a 135tr.; |c 27cm | ||
| 500 | |a . | ||
| 520 | |a . | ||
| 653 | |a Nông nghiệp%Bảo vệ thực vật%Hóa học | ||
| 942 | |2 ddc |c STK0 | ||
| 999 | |c 5931 |d 5931 | ||
| 952 | |0 0 |1 0 |2 ddc |4 0 |6 632_900000000000000_H_401_H |7 0 |8 600 |9 54337 |a qbu |b qbu |c D3 |d 2015-01-06 |g 25000 |o 632.9 H 401 h |p 6365.C1 |r 0000-00-00 |w 2015-01-06 |y STK0 |0 0 |6 632_900000000000000_H_401_H | ||
| 952 | |0 0 |1 0 |2 ddc |4 0 |6 632_900000000000000_H_401_H |7 0 |8 600 |9 54338 |a qbu |b qbu |c D3 |d 2015-01-06 |g 25000 |o 632.9 H 401 h |p 6365.C2 |r 0000-00-00 |w 2015-01-06 |y STK0 |0 0 |6 632_900000000000000_H_401_H | ||
| 952 | |0 0 |1 0 |2 ddc |4 0 |6 632_900000000000000_H_401_H |7 0 |8 600 |9 54339 |a qbu |b qbu |c D3 |d 2015-01-06 |g 25000 |o 632.9 H 401 h |p 6365.C3 |r 0000-00-00 |w 2015-01-06 |y STK0 |0 0 |6 632_900000000000000_H_401_H | ||
| 952 | |0 0 |1 0 |2 ddc |4 0 |6 632_900000000000000_H_401_H |7 0 |8 600 |9 54340 |a qbu |b qbu |c D3 |d 2015-01-06 |g 25000 |o 632.9 H 401 h |p 6365.C4 |r 0000-00-00 |w 2015-01-06 |y STK0 |0 0 |6 632_900000000000000_H_401_H | ||
| 952 | |0 0 |1 0 |2 ddc |4 0 |6 632_900000000000000_H_401_H |7 0 |8 600 |9 54341 |a qbu |b qbu |c D3 |d 2015-01-06 |g 25000 |o 632.9 H 401 h |p 6365.C5 |r 0000-00-00 |w 2015-01-06 |y STK0 |0 0 |6 632_900000000000000_H_401_H | ||
| 952 | |0 0 |1 0 |2 ddc |4 0 |6 632_900000000000000_H_401_H |7 0 |8 600 |9 54342 |a qbu |b qbu |c D3 |d 2015-01-06 |g 25000 |o 632.9 H 401 h |p 6365.C6 |r 0000-00-00 |w 2015-01-06 |y STK0 |0 0 |6 632_900000000000000_H_401_H | ||
| 952 | |0 0 |1 0 |2 ddc |4 0 |6 632_900000000000000_H_401_H |7 0 |8 600 |9 54343 |a qbu |b qbu |c D3 |d 2015-01-06 |g 25000 |o 632.9 H 401 h |p 6365.C7 |r 0000-00-00 |w 2015-01-06 |y STK0 |0 0 |6 632_900000000000000_H_401_H | ||
| 952 | |0 0 |1 0 |2 ddc |4 0 |6 632_900000000000000_H_401_H |7 0 |8 600 |9 54344 |a qbu |b qbu |c D3 |d 2015-01-06 |g 25000 |o 632.9 H 401 h |p 6365.C8 |r 0000-00-00 |w 2015-01-06 |y STK0 |0 0 |6 632_900000000000000_H_401_H | ||
| 952 | |0 0 |1 0 |2 ddc |4 0 |6 632_900000000000000_H_401_H |7 0 |8 600 |9 54345 |a qbu |b qbu |c D3 |d 2015-01-06 |g 25000 |o 632.9 H 401 h |p 6365.C9 |r 0000-00-00 |w 2015-01-06 |y STK0 |0 0 |6 632_900000000000000_H_401_H | ||
| 952 | |0 0 |1 0 |2 ddc |4 0 |6 632_900000000000000_H_401_H |7 0 |8 600 |9 54346 |a qbu |b qbu |c D3 |d 2015-01-06 |g 25000 |o 632.9 H 401 h |p 6365.C10 |r 0000-00-00 |w 2015-01-06 |y STK0 |0 0 |6 632_900000000000000_H_401_H | ||
| 952 | |0 0 |1 0 |2 ddc |4 0 |6 632_900000000000000_H_401_H |7 0 |8 600 |9 54347 |a qbu |b qbu |c D3 |d 2015-01-06 |g 25000 |o 632.9 H 401 h |p 6365.C11 |r 0000-00-00 |w 2015-01-06 |y STK0 |0 0 |6 632_900000000000000_H_401_H | ||
| 952 | |0 0 |1 0 |2 ddc |4 0 |6 632_900000000000000_H_401_H |7 0 |8 600 |9 54348 |a qbu |b qbu |c D3 |d 2015-01-06 |g 25000 |o 632.9 H 401 h |p 6365.C12 |r 0000-00-00 |w 2015-01-06 |y STK0 |0 0 |6 632_900000000000000_H_401_H | ||
| 952 | |0 0 |1 0 |2 ddc |4 0 |6 632_900000000000000_H_401_H |7 0 |8 600 |9 54349 |a qbu |b qbu |c D3 |d 2015-01-06 |g 25000 |o 632.9 H 401 h |p 6365.C13 |r 0000-00-00 |w 2015-01-06 |y STK0 |0 0 |6 632_900000000000000_H_401_H | ||
| 952 | |0 0 |1 0 |2 ddc |4 0 |6 632_900000000000000_H_401_H |7 0 |8 600 |9 54350 |a qbu |b qbu |c D3 |d 2015-01-06 |g 25000 |o 632.9 H 401 h |p 6365.C14 |r 0000-00-00 |w 2015-01-06 |y STK0 |0 0 |6 632_900000000000000_H_401_H | ||
| 952 | |0 0 |1 0 |2 ddc |4 0 |6 632_900000000000000_H_401_H |7 0 |8 600 |9 54351 |a qbu |b qbu |c D3 |d 2015-01-06 |g 25000 |o 632.9 H 401 h |p 6365.C15 |r 0000-00-00 |w 2015-01-06 |y STK0 |0 0 |6 632_900000000000000_H_401_H | ||